| 000 | 00487nam a22001697a 4500 | ||
|---|---|---|---|
| 999 |
_c20836 _d20836 |
||
| 003 | BDDh-ASL | ||
| 005 | 20231015025937.0 | ||
| 008 | 210114s1965 enk||||| |||| 00| 0 eng d | ||
| 040 |
_aBDDh-ASL _cBDDh-ASL |
||
| 082 |
_a297.03 _bENC |
||
| 245 | 0 | 4 | _aThe Encyclopaedia of Islam, Volume-3 / |
| 260 |
_aLondon: _bE. J. Erill, _c1965. |
||
| 300 |
_a128 p. : _c27 cm. |
||
| 650 | 0 |
_92222 _aEncyclopaedia _vEncyclopedia _xIslam |
|
| 700 | 1 |
_92654 _aLewis, Bernard _cProfessor |
|
| 942 |
_2ddc _cBK |
||